札幌駅から出ている最も多い行き先 - Statistics

General Stats
  • This quiz has been taken 162 times
  • The average score is 6 of 8
Answer Stats
Question Answer % Correct
JR千歳線 新千歳空港
93%
札幌市営地下鉄南北線(南行き) 真駒内
85%
札幌市営地下鉄東豊線(北行き) 栄町
82%
札幌市営地下鉄南北線(北行き) 麻生
81%
JR函館本線(西行き) 小樽
75%
札幌市営地下鉄東豊線(南行き) 福住
73%
JR札沼線 北海道医療大学
58%
JR函館本線(東行き) 岩見沢
48%
No matching quizzes found
Score Distribution
Percent of People with Each Score
Percentile by Number Answered
Your Score History
You have not taken this quiz